Hum Tum (Record no. 34540)

MARC details
000 -LEADER
fixed length control field 03085nam a22004577a 4500
003 - CONTROL NUMBER IDENTIFIER
control field dpl
005 - DATE AND TIME OF LATEST TRANSACTION
control field 20100315094720.0
007 - PHYSICAL DESCRIPTION FIXED FIELD--GENERAL INFORMATION
fixed length control field DVD
008 - FIXED-LENGTH DATA ELEMENTS--GENERAL INFORMATION
fixed length control field 080925t xxu||||| |||| 00| 0 eng d
010 ## - LIBRARY OF CONGRESS CONTROL NUMBER
LC control number DVD-006226-6230 & DVD-006665-6668
024 ## - OTHER STANDARD IDENTIFIER
Standard number or code YRD 60158
Terms of availability 149.00
035 ## - SYSTEM CONTROL NUMBER
System control number DVD-006226-6230
035 ## - SYSTEM CONTROL NUMBER
System control number DVD-006665-6668
040 ## - CATALOGING SOURCE
Original cataloging agency DPL
Transcribing agency DPL
082 ## - DEWEY DECIMAL CLASSIFICATION NUMBER
Classification number DVD HUMT
245 ## - TITLE STATEMENT
Title Hum Tum
Statement of responsibility, etc Yash Chopra Presents
Medium [videorecording] DVD/
260 ## - PUBLICATION, DISTRIBUTION, ETC. (IMPRINT)
Place of publication, distribution, etc Mumbai
Name of publisher, distributor, etc Yash Raj Films Pvt. Ltd.,
300 ## - PHYSICAL DESCRIPTION
Extent 1 Videodisc DVD;
Other physical details sd., col.;
Dimensions 4 3/4 in.
Type of unit DVD
440 ## - SERIES STATEMENT/ADDED ENTRY--TITLE
Title Yash Raj Films
538 ## - SYSTEM DETAILS NOTE
System details note Anamorphic Widescreen Presentation 16.9; Aspect Ratio 2.35:1; Optional Subtitles in English Dolby Digital Sound, 5.1; Optional Stereo Soun d
650 ## - SUBJECT ADDED ENTRY--TOPICAL TERM
Topical term or geographic name as entry element Motion Picture
700 ## - ADDED ENTRY--PERSONAL NAME
Personal name Chopra, Yash
700 ## - ADDED ENTRY--PERSONAL NAME
Personal name Saif Ali Khan
700 ## - ADDED ENTRY--PERSONAL NAME
Personal name Mukerji, Rani
700 ## - ADDED ENTRY--PERSONAL NAME
Personal name Kher, Kirron
700 ## - ADDED ENTRY--PERSONAL NAME
Personal name Kher, Anupam,
700 ## - ADDED ENTRY--PERSONAL NAME
Personal name Agnihotri, Rati
700 ## - ADDED ENTRY--PERSONAL NAME
Personal name Kaporr, Rishi
942 ## - ADDED ENTRY ELEMENTS (KOHA)
Source of classification or shelving scheme Dewey Decimal Classification
Koha item type CD-ROMs, DVDs, VHS
Classification part DVD
Call number suffix HUMT
Holdings
Withdrawn status Lost status Source of classification or shelving scheme Damaged status Not for loan Home library Current library Date acquired Source of acquisition Cost, normal purchase price Total Checkouts Full call number Barcode Date last seen Date checked out Copy number Cost, replacement price Price effective from Koha item type Total Renewals Checked out
    Dewey Decimal Classification     Central Library Central Library 09/03/2010 Pioneers/1003/28-11-09/325/13-10-09 /30-11-09 149.00 12 DVD HUMT DVD-006226 19/02/2018 17/02/2018 1 149.00 09/03/2010 CD-ROMs, DVDs, VHS    
    Dewey Decimal Classification     Janak Puri Janak Puri 15/03/2010 Pioneers/1099/25-12-09/325/13-10-09 /30-12-09 149.00 1 DVD HUMT DVD-006668 08/06/2010 08/06/2010 1 149.00 15/03/2010 CD-ROMs, DVDs, VHS   22/06/2010
    Dewey Decimal Classification     Karol Bagh Karol Bagh 15/03/2010 Pioneers/1099/25-12-09/325/13-10-09 /30-12-09 149.00 11 DVD HUMT DVD-006665 26/07/2012 10/07/2012 1 149.00 15/03/2010 CD-ROMs, DVDs, VHS    
    Dewey Decimal Classification     Narela Narela 15/03/2010 Pioneers/1099/25-12-09/325/13-10-09 /30-12-09 149.00 9 DVD HUMT DVD-006666 27/10/2011 22/10/2011 1 149.00 15/03/2010 CD-ROMs, DVDs, VHS    
    Dewey Decimal Classification     Patel Nagar Patel Nagar 09/03/2010 Pioneers/1003/28-11-09/325/13-10-09 /30-11-09 149.00 15 DVD HUMT DVD-006227 09/01/2015 19/12/2014 1 149.00 09/03/2010 CD-ROMs, DVDs, VHS    
    Dewey Decimal Classification     R.K.Puram-8 R.K.Puram-8 09/03/2010 Pioneers/1003/28-11-09/325/13-10-09 /30-11-09 149.00 1 DVD HUMT DVD-006229 26/05/2014 21/05/2014 1 149.00 09/03/2010 CD-ROMs, DVDs, VHS    
    Dewey Decimal Classification     Sarojini Nagar Sarojini Nagar 09/03/2010 Pioneers/1003/28-11-09/325/13-10-09 /30-11-09 149.00 22 DVD HUMT DVD-006228 15/04/2017 01/04/2017 1 149.00 09/03/2010 CD-ROMs, DVDs, VHS    
    Dewey Decimal Classification     Shahdara Branch Shahdara Branch 15/03/2010 Pioneers/1099/25-12-09/325/13-10-09 /30-12-09 149.00   DVD HUMT DVD-006667 15/03/2010   1 149.00 15/03/2010 CD-ROMs, DVDs, VHS    
    Dewey Decimal Classification     Vinoba Puri Vinoba Puri 09/03/2010 Pioneers/1003/28-11-09/325/13-10-09 /30-11-09 149.00 9 DVD HUMT DVD-006230 11/06/2013 10/06/2013 1 149.00 09/03/2010 CD-ROMs, DVDs, VHS 1  

© Delhi Public Library
Hit Counter
free hit counter